000 00372nam a2200157Ia 4500
008 230917s9999||||xx |||||||||||||| ||und||
020 _cRS125
040 _e23786
_aMAIN
041 _aEnglish
082 _a350.1 J199S
100 _aJain, C M
245 0 _aSewivargiya prashasan
260 _aJaipur
_bResearch Publications
_cn.d.
300 _aiv, 471 p.
942 _cBK
999 _c70617
_d70617